[Event "Myrhorod op"]
[Site "Myrhorod"]
[Date "2011.07.11"]
[Round "4"]
[White "Anatskiy, Alexey"]
[Black "Bilokha, Sergey"]
[Result "0-1"]
[WhiteElo "1998"]
[BlackElo "2218"]
[PlyCount "86"]
[EventDate "2011.07.09"]
[EventType "swiss"]
[EventRounds "9"]
[EventCountry "UKR"]
[SourceTitle "CBM 143 Extra"]
[Source "ChessBase"]
[SourceDate "2011.08.29"]
[SourceVersion "1"]
[SourceVersionDate "2011.08.29"]
[SourceQuality "1"]

1. d4 Nf6 2. Bg5 e6 3. e4 h6 4. Bxf6 Qxf6 5. Qd2 Nc6 6. e5 Qe7 7. Nf3 b6 8. Nc3 Bb7 9. 0-0-0 0-0-0 10. Bb5 d6 11. Qe2 d5 12. Kb1 Na5 13. Ba6 Kb8 14. Nd2 Bxa6 15. Qxa6 c6 16. f4 g6 17. g4 Qb4 18. Qd3 h5 19. f5 hxg4 20. fxg6 Rh3 21. a3 Qe7 22. Qe2 Bh6 23. Na2 Bxd2 24. Rxd2 Nc4 25. Rd3 fxg6 26. Qxg4 Rh6 27. Nb4 Kb7 28. c3 Rf8 29. Nc2 Rf2 30. Rg3 Nd2+ 31. Kc1 Ne4 32. Rgg1 g5 33. h4 Rf4 34. Qg2 Rhxh4 35. Rxh4 gxh4 36. Ne1 Ng3 37. Nf3 Re4 38. Re1 Qh7 39. Rxe4 Qxe4 40. Qf2 Qf4+ 41. Kc2 h3 42. Kb3 Ne4 43. Qe2 Qxf3 0-1

[Event "Myrhorod op"]
[Site "Myrhorod"]
[Date "2011.07.10"]
[Round "3"]
[White "Bilokha, Sergey"]
[Black "Mulenko, Alexander"]
[Result "1-0"]
[WhiteElo "2218"]
[BlackElo "2065"]
[PlyCount "189"]
[EventDate "2011.07.09"]
[EventType "swiss"]
[EventRounds "9"]
[EventCountry "UKR"]
[SourceTitle "CBM 143 Extra"]
[Source "ChessBase"]
[SourceDate "2011.08.29"]
[SourceVersion "1"]
[SourceVersionDate "2011.08.29"]
[SourceQuality "1"]

1. Nf3 Nf6 2. c4 e6 3. Nc3 c5 4. g3 b6 5. Bg2 Bb7 6. 0-0 Be7 7. b3 0-0 8. Bb2 Na6 9. d4 Ne4 10. d5 Nxc3 11. Bxc3 exd5 12. cxd5 Bf6 13. Bxf6 Qxf6 14. e4 d6 15. Qd2 Rfe8 16. Nh4 Nb8 17. f4 Nd7 18. Rae1 Ba6 19. Rf2 g6 20. e5 Qe7 21. e6 f5 22. Nf3 Nf6 23. Ng5 Rac8 24. Nf7 Rf8 25. Qc3 Rce8 26. h3 Kg7 27. Rd1 Rxf7 28. exf7 Kxf7 29. Rc2 Ne4 30. Bxe4 fxe4 31. Qe3 Qf6 32. Rf2 h5 33. Kg2 Qf5 34. Rfd2 Bd3 35. Rf2 Qxd5 36. f5 gxf5 37. Kh2 Kg6 38. h4 Re5 39. Qg5+ Kf7 40. Qxh5+ Ke7 41. Qg5+ Kd7 42. Re1 Qe6 43. Rf4 Qe7 44. Qg6 e3 45. Qg8 Qe8 46. Qxe8+ Kxe8 47. Rf3 d5 48. Rfxe3 Rxe3 49. Rxe3+ Be4 50. g4 d4 51. Re1 Kf7 52. Kg3 Bc2 53. Kf4 fxg4 54. h5 b5 55. Rc1 d3 56. Ke3 Kf6 57. Rh1 Kg7 58. Rg1 Kh6 59. Rxg4 Kxh5 60. Rg7 c4 61. bxc4 bxc4 62. Rc7 Kg5 63. Rxc4 Kf5 64. Rc5+ Ke6 65. Ra5 Kd6 66. Kd2 Kc6 67. Rxa7 Kb6 68. Ra8 Kb7 69. Rd8 Kc7 70. Rd4 Kb6 71. Kc3 Kb5 72. Rd8 Kb6 73. Kb4 Kc7 74. Rd4 Kc6 75. a3 Kb6 76. Rd6+ Kc7 77. Kc5 Kb7 78. Kb5 Bd1 79. Rd7+ Kc8 80. Rd4 Kb7 81. Kc5 Be2 82. Rd6 Ka7 83. a4 Kb7 84. Rb6+ Ka7 85. Rd6 Kb7 86. a5 Ka7 87. Kb4 Bf1 88. Kb5 Bh3 89. a6 Bc8 90. Ka5 d2 91. Rxd2 Bxa6 92. Rd7+ Bb7 93. Rg7 Kb8 94. Kb6 Bd5 95. Rd7 1-0

[Event "Poltava-ch"]
[Site "Lubny"]
[Date "2011.02.22"]
[Round "5"]
[White "Shemeakin, Alexander"]
[Black "Bilokha, Sergey"]
[Result "1-0"]
[WhiteElo "2314"]
[BlackElo "2240"]
[PlyCount "89"]
[EventDate "2011.02.19"]
[EventType "tourn"]
[EventRounds "11"]
[EventCountry "UKR"]
[EventCategory "2"]
[SourceTitle "CBM 141 Extra"]
[Source "ChessBase"]
[SourceDate "2011.05.03"]
[SourceVersion "1"]
[SourceVersionDate "2011.05.03"]
[SourceQuality "1"]

1. d4 Nf6 2. c4 e6 3. Nc3 Bb4 4. Qc2 c5 5. dxc5 0-0 6. a3 Bxc5 7. Nf3 b6 8. Bf4 Bb7 9. Rd1 Qc8 10. e3 d5 11. cxd5 Nxd5 12. Nxd5 Bxd5 13. Bd3 h6 14. 0-0 a5 15. Ne5 Nc6 16. Bh7+ Kh8 17. Rxd5 exd5 18. Bf5 Qb7 19. Nxc6 Qxc6 20. b4 axb4 21. axb4 Qa4 22. Qxa4 Rxa4 23. bxc5 bxc5 24. Bd6 Rfa8 25. Bxc5 Ra1 26. Bd4 Rxf1+ 27. Kxf1 Kg8 28. h4 h5 29. Ke2 Ra2+ 30. Kf3 Kf8 31. Bc8 g6 32. Bf6 Ke8 33. g3 Ra5 34. Kf4 Rc5 35. Bh3 Rc2 36. f3 Rh2 37. Bc8 Rd2 38. Bb7 Kd7 39. Ke5 Ke8 40. Bxd5 Rg2 41. Kf4 Kf8 42. e4 Re2 43. e5 Kg8 44. Be4 Kh7 45. e6 1-0

[Event "Myrhorod op"]
[Site "Myrhorod"]
[Date "2010.07.13"]
[Round "8"]
[White "Nikolaev, Leonid"]
[Black "Bilokha, Sergey"]
[Result "0-1"]
[WhiteElo "2309"]
[BlackElo "2233"]
[PlyCount "80"]
[EventDate "2010.07.09"]
[EventType "swiss"]
[EventRounds "9"]
[EventCountry "UKR"]
[SourceTitle "CBM 137 Extra"]
[Source "ChessBase"]
[SourceDate "2010.09.01"]
[SourceVersion "1"]
[SourceVersionDate "2010.09.01"]
[SourceQuality "1"]

1. e4 e6 2. d4 d5 3. Nc3 Bb4 4. e5 c5 5. dxc5 Nc6 6. Nf3 d4 7. a3 Ba5 8. b4 dxc3 9. bxa5 Qxd1+ 10. Kxd1 Nge7 11. Bd3 Nxa5 12. Ng5 Bd7 13. Ne4 Bc6 14. Nd6+ Kd7 15. f3 f6 16. Ke2 Ng6 17. exf6 gxf6 18. Ne4 Ke7 19. Nxc3 Ne5 20. Be3 Nac4 21. Bf2 Rad8 22. Bg3 h5 23. Rhd1 Rhg8 24. Bh7 Rg7 25. Rxd8 Kxd8 26. Be4 h4 27. Bxh4 Rxg2+ 28. Bf2 Rxh2 29. Rg1 f5 30. Bxc6 bxc6 31. Rg7 a5 32. Nd1 Nxa3 33. Ne3 Nb5 34. Kf1 Nxf3 35. Bg3 Rd2 36. Nc4 Rxc2 37. Nxa5 Nbd4 38. Bd6 Nd2+ 39. Ke1 Ne4 40. Rf7 Rc1# 0-1

[Event "Kiev Independence Cup op"]
[Site "Kiev"]
[Date "1999.??.??"]
[Round "?"]
[White "Bilokha, Sergey"]
[Black "Lysak, Igor"]
[Result "1-0"]
[WhiteElo "2350"]
[BlackElo "2121"]
[PlyCount "81"]
[EventDate "1999.??.??"]
[EventType "swiss"]
[EventRounds "11"]
[EventCountry "UKR"]
[SourceTitle "EXT 2002"]
[Source "ChessBase"]
[SourceDate "2001.11.25"]
[SourceVersion "1"]
[SourceVersionDate "2001.11.25"]
[SourceQuality "1"]

1. e4 c5 2. Nf3 e6 3. d3 Nc6 4. g3 g6 5. Bg2 Bg7 6. 0-0 Nge7 7. c3 d6 8. Be3 0-0 9. d4 b6 10. Qd2 Bb7 11. Bh6 Rc8 12. Na3 Na5 13. Rfe1 cxd4 14. Nxd4 Qd7 15. Bxg7 Kxg7 16. Ndb5 Rfd8 17. Rad1 d5 18. Nxa7 Nc4 19. Nxc4 Rxc4 20. Bf1 Rc5 21. b4 Rc7 22. Nb5 dxe4 23. Qf4 Nd5 24. Qxe4 Rcc8 25. Qd4+ Nf6 26. Qxb6 Qxd1 27. Rxd1 Rxd1 28. Qxb7 Rcd8 29. Nd4 Rd7 30. Qf3 Ra1 31. Kg2 e5 32. Nc2 Rxa2 33. Ne3 e4 34. Qf4 Rdd2 35. c4 h5 36. b5 Nd7 37. c5 Nf8 38. Bc4 Ne6 39. Bxe6 fxe6 40. b6 Rdb2 41. c6 1-0

[Event "UKR ol"]
[Site "Alushta"]
[Date "1999.??.??"]
[Round "?"]
[White "Sumets, Andrey"]
[Black "Bilokha, Sergey"]
[Result "1/2-1/2"]
[WhiteElo "2434"]
[BlackElo "2350"]
[PlyCount "119"]
[EventDate "1999.05.12"]
[EventType "team"]
[EventRounds "11"]
[EventCountry "UKR"]
[SourceTitle "EXT 2001"]
[Source "ChessBase"]
[SourceDate "2000.11.22"]
[SourceVersion "1"]
[SourceVersionDate "2000.11.22"]
[SourceQuality "1"]

1. e4 e6 2. d4 d5 3. Nc3 Nf6 4. e5 Nfd7 5. f4 c5 6. Nf3 Nc6 7. Be3 a6 8. Qd2 cxd4 9. Nxd4 Bc5 10. 0-0-0 0-0 11. g3 Bxd4 12. Bxd4 b5 13. Kb1 b4 14. Na4 Qa5 15. b3 Nxd4 16. Qxd4 Bb7 17. Bg2 Bc6 18. Nb2 Qc5 19. Nc4 a5 20. Nd6 Ra6 21. Qxc5 Nxc5 22. Rc1 a4 23. Rhd1 f6 24. c3 axb3 25. cxb4 bxa2+ 26. Kb2 Ne4 27. Nxe4 dxe4 28. exf6 gxf6 29. Rd6 Rfa8 30. Ka1 Bd5 31. Rxa6 Rxa6 32. b5 Ra4 33. Bf1 f5 34. Rc2 Rb4 35. Rb2 Rxb2 36. Kxb2 Kf7 37. b6 Ke7 38. h3 e3 39. Be2 h6 40. b7 Bxb7 41. Kxa2 Bg2 42. Kb3 Bxh3 43. Kc3 Bg4 44. Bxg4 fxg4 45. Kd3 Kf6 46. Kxe3 Kf5 47. Kd4 h5 48. Ke3 e5 49. fxe5 Kxe5 50. Kd3 Kf5 51. Ke3 Kg5 52. Kf2 Kf6 53. Ke2 Ke6 54. Kd2 Ke5 55. Kd3 Kf5 56. Ke3 Kg6 57. Ke2 Kh6 58. Ke3 Kg6 59. Ke2 Kg5 60. Kf2 1/2-1/2